Statistics for Element Etymologies: Mythological Figures

Click here to take the quiz!

General Stats

  • This quiz has been taken 34 times
    (14 since last reset)
  • The average score is 8 of 17

Answer Stats

Type of Mythological FigureFigureElement% Correct
Roman DeityMercuryMercury
83%
Roman DeityPlutoPlutonium
83%
Roman DeityNeptuneNeptunium
75%
Greek DeityUranusUranium
75%
Norse DeityThorThorium
67%
Roman DeityCeresCerium
50%
Greek DeityHeliosHelium
50%
Group of Greek DeitiesThe TitansTitanium
42%
Norse DeityVanadisVanadium
42%
Greek DeityIrisIridium
33%
Greek DeityPallas AthenaPalladium
33%
Roman DeityTellus MaterTellurium
33%
Greek MortalNiobeNiobium
25%
Greek DeityPrometheusPromethium
25%
Greek DeitySeleneSelenium
25%
Greek MortalTantalusTantalum
25%
Greek MortalEuropaEuropium
17%

Score Distribution

Percentile by Number Answered

Percent of People with Each Score

Your Score History

You have not taken this quiz since the last reset